Loading...
Literature - European Literature | 0 | 8 | 1 | 1 | 75 | 88 | 125.63 | 0 | 1 |
Literature - American Literature | 0 | 7 | 0 | 1 | 70 | 92 | 126.14 | 0 | 1 |
Fine Arts - Other Fine Arts | 0 | 5 | 0 | 0 | 50 | 46 | 117.20 | 0 | 0 |
History - American History | 0 | 6 | 2 | 1 | 50 | 88 | 107.33 | 0 | 1 |
Literature - World Literature | 0 | 5 | 2 | 0 | 40 | 104 | 132.00 | 0 | 0 |
Philosophy | 0 | 4 | 0 | 0 | 40 | 108 | 122.00 | 0 | 0 |
History - European History | 0 | 3 | 0 | 1 | 30 | 108 | 122.33 | 0 | 0 |
Geography | 0 | 3 | 0 | 0 | 30 | 97 | 112.33 | 0 | 0 |
Fine Arts - Painting & Sculpture | 0 | 4 | 2 | 0 | 30 | 113 | 130.25 | 0 | 0 |
History - Other History | 0 | 3 | 1 | 1 | 25 | 130 | 146.33 | 0 | 0 |
Literature - British Literature | 0 | 3 | 2 | 0 | 20 | 124 | 126.33 | 0 | 0 |
Religion | 0 | 2 | 0 | 0 | 20 | 138 | 141.50 | 0 | 0 |
Other Academic | 0 | 1 | 0 | 1 | 10 | 135 | 135.00 | 0 | 0 |
Social Science | 0 | 1 | 1 | 0 | 5 | 140 | 140.00 | 0 | 0 |
History - World History | 0 | 1 | 1 | 0 | 5 | 132 | 132.00 | 0 | 0 |
Mythology | 0 | 1 | 1 | 0 | 5 | 122 | 122.00 | 1 | 1 |
Current Events | 0 | 1 | 1 | 0 | 5 | 126 | 126.00 | 0 | 0 |